| 000 | 00956cam a22002533a 4500 | ||
|---|---|---|---|
| 001 | 26336 | ||
| 003 | PGUSA | ||
| 005 | 20140828083552.0 | ||
| 008 | 080817s2008||||xxu|||||s|||||000 | eng d | ||
| 040 |
_aPGUSA _beng |
||
| 042 | _adc | ||
| 050 | 4 | _aL | |
| 100 | 1 |
_aTalleyrand-Périgord, Charles Maurice de, prince de Bénévent, _d1754-1838 |
|
| 245 | 1 | 0 |
_aRapport sur l'Instruction Publique, les 10, 11 et 19 Septembre 1791 : _bfait au nom du Comité de Constitution à l'Assemblée Nationale _h[electronic resource] / _cCharles Maurice de, prince de Bénévent Talleyrand-Périgord |
| 260 |
_bProject Gutenberg, _c2008 |
||
| 506 | _aPublic domain in the USA. | ||
| 516 | _aElectronic text | ||
| 653 | _aEducational law and legislation -- France | ||
| 653 | _aFrance -- Politics and government -- 1789-1900 | ||
| 653 | _aEducation -- France | ||
| 830 | 0 |
_aProject Gutenberg _v26336 |
|
| 856 | 4 | 0 | _uhttp://www.gutenberg.org/ebooks/26336 |
| 942 | _cEB | ||
| 999 |
_c255591 _d255591 |
||